| 000 | 00478nam a2200181Ia 4500 | ||
|---|---|---|---|
| 001 | 4610 | ||
| 005 | 20260306145808.0 | ||
| 008 | 260306t2008||||xx |||||||||||||| ||spa|| | ||
| 041 | _aESP | ||
| 082 |
_a327.17 _bM61 2008 |
||
| 100 |
_aMinisterio de Comercio Exterior y Turismo _eAUT |
||
| 245 | 0 | _aManual de acceso a fuentes de cooperación internacional | |
| 260 | _c2008 | ||
| 300 |
_a101 pƔginas : _c29 cm. |
||
| 650 | _aGEN | ||
| 654 | _aCHU | ||
| 942 |
_cLIB _dJUS _fJUS _2ddc _n |
||
| 999 |
_c4610 _d4610 |
||